| 000 | 01693nam a22002177a 4500 | ||
|---|---|---|---|
| 005 | 20220603115411.0 | ||
| 008 | 220601b ||||| |||| 00| 0 eng d | ||
| 020 | _a9780071375931 | ||
| 040 | _cAL | ||
| 041 | _aeng | ||
| 082 |
_223 _a547 _bGOKD |
||
| 100 |
_aGeorge Gokel W _939954 |
||
| 245 | _aDean's Handbook of Organic Chemistry | ||
| 250 | _a2th ed. | ||
| 260 |
_aNew York _bMcGRAW-HILL _c2004 |
||
| 300 |
_aiv,11.15p. _bHB _c24x15cm. |
||
| 365 |
_2General _a945 _b₹7683.00 _c₹ _d₹9850.00 _e22% _f19/05/2022 |
||
| 520 | _aGet the organic chemistry answers you need - in a flash! Packed with nearly 50 per cent new content, this revised edition of "Dean's Handbook of Organic Chemistry" delivers comprehensive coverage, with practical information, key equations and tables, and a thorough introduction to each topic. Edited by a renowned expert in organic chemistry, this book updates: biopolymers; electronegativity; nomenclatures for supramolecular compounds; properties tables for atoms, radicals, and bonds; line-angle structural drawings; and much, much more!No matter if you're a chemist, a chemical or environmental engineer, or even a student, "Dean's Handbook of Organic Chemistry" will add precision, insight, and a host of timesaving tips to your efforts. It provides complete coverage of: organic compounds; inorganic compounds; properties of atoms, radicals, and bonds; physical properties; thermodynamic properties; spectroscopy; physicochemical relationships; electrolytes, electromotive force, and chemical equilibrium; laboratory manipulations; and, polymers, rubbers, fats, oils, and waxes. | ||
| 650 |
_2Chemistry _aOrganic Chemistry _940317 |
||
| 942 |
_2ddc _cBK |
||
| 999 |
_c223190 _d223190 |
||